000 01588nam2a22003611 4500
001 v19\rc\1832561
005 20250630120121.0
035 _a(NLR Aleph) 005254158
090 _a5834446
_c5834446
100 _a20071224d1908 |||y0rusy50 ca
101 0 _arus
102 _aRU
105 _ay z |||||
135 _acrcn 024anaba
200 0 _aТ. 6
210 _aСанкт-Петербург
_cИ.Л. Тузов
_d1908
215 _a986, III с.
325 _aКопия доступна в Электрон. б-ке РНБ
461 0 _1001v19\rc\1832555
_12001#$aСочинения Иннокентия, архиепископа Херсонского и Таврического$vТ. 6
_95834391
_aИннокентий (Борисов, Иван Алексеевич ; 1800-1857)
_cСанкт-Петербург
_d1908
_e2-е изд. Т. 1-6
_nИ.Л. Тузов
_p6 т.
_tСочинения Иннокентия, архиепископа Херсонского и Таврического
_vТ. 6
801 0 _aRU
_bNLR
_c20071224
_gpsbo
801 0 _aRU
_bRuMoRGB
_c20071224
_2psbo
801 1 _aRU
_bProSoft-M
_c20071224
_2rusmarc
801 2 _aRU
_bNLR
_c20080324
_2rusmarc
852 _aNLR
_j17.130.3.1
856 0 _uhttps://vivaldi.nlr.ru/bv700000314/view
856 1 _uhttps://vivaldi.nlr.ru/bv700000314/cover
856 2 _uhttps://vivaldi.nlr.ru/bv700000314/text
942 _cBOOK
980 _aNB
981 4 8 _a(48) Крым: история в документах